00353nam a2200133Ia 450000500170000000800410001702000150005808200130007324500380008626000250012430000120014950000360016170000220019720250623021900.0240331s9999 xx 000 0 und d a9559559109 bDHOa323 0aDhonkaraya :byudhabimen upankavi bSeetha Ranjanic1993 a72 p ., aPoems both from the battlefield aRanjani, S. eedt